000 00465nam a22001817a 4500
003 CEME
005 20210628201701.0
008 210215b xxu||||| |||| 00| 0 eng d
020 _a0-669-33318-2
040 _c.
082 _a512.9 HUB
100 _aHubbard, Elaine Robinson, Ronald D
_956342
245 _aAlgebra a graphing approach
260 _aLEXIGTON
_bD.C HEATH AND COMPANY
_c1995
300 _aXVI,854P
650 _aALGEBRA
_98509
942 _cBK
_2ddc
999 _c566791
_d566791